Národní účetnictví koncept a analýzy

Gespeichert in:
Bibliographische Detailangaben
1. Verfasser: Hronová, Stanislava
Weitere Verfasser: Hindls, Richard
Format: Buch
Sprache:Tschechisch
Veröffentlicht: Praha C.H. Beck 2000
Schriftenreihe:Beckovy ekonomické učebnice
Schlagworte:
Tags: Tag hinzufügen
Keine Tags, Fügen Sie das erste Tag hinzu!

MARC

LEADER 00000nam a2200000 4500
001 c129663
005 20221123133209.8
020 |a 80-7179-235-7 
041 0 |a cze 
044 |a CZ 
245 1 0 |a Národní účetnictví  |b koncept a analýzy  |c Stanislava Hronová, Richard Hindls 
264 1 |a Praha  |b C.H. Beck  |c 2000 
300 |a x, 258 s. 
490 1 |a Beckovy ekonomické učebnice 
830 0 |a Beckovy ekonomické učebnice 
610 2 0 |a účtovníctvo národné 
610 2 0 |a koncepcie 
610 2 0 |a analýzy 
610 2 0 |a makroekonomika 
610 2 0 |a informácie ekonomické 
610 2 0 |a systémy účtovné 
610 2 0 |a hospodárstvo národné 
610 2 0 |a sektor verejný 
610 2 0 |a účty 
610 2 0 |a účty národné 
610 2 0 |a tovar 
610 2 0 |a služby 
610 2 0 |a modely rozvrhovacie 
610 2 0 |a štúdie prípadové 
610 2 0 |a Česko 
100 1 |a Hronová, Stanislava 
700 1 |a Hindls, Richard